00389nam a22001457a 450000500170000000800410001702000150005804100120007308200130008510000120009824500270011026000550013730000250019265000260021720240822105220.0240822b |||||||| |||| 00| 0 eng d a0409034614 aEnglish a349 LAW  lEnglish aThe Lawyer's Yearbook  aDurban: bButterworth Publishers (Pty) Ltd, c1989 b327 pages; c18 cm.  aLegal practice bLaw